| 000 | 00870nam a2200217 i 4500 | ||
|---|---|---|---|
| 001 | 141094 | ||
| 003 | ES-MaACL | ||
| 005 | 20250825062722.0 | ||
| 007 | t| | ||
| 008 | 070919m19231934xxk ||||1| eng d | ||
| 100 | 1 |
_aWilson, David Alec. _9117018 |
|
| 245 | 1 | 0 |
_aCarlyle / _cby David Alec Wilson. |
| 260 |
_aLondon : _bKegan Paul, Trench, Trubner, _c1923-1934. |
||
| 300 |
_a6 v. ; _c25 cm. |
||
| 505 | 8 | _aContiene: 1. Carlyle till marriage (1795-1826) - 2. Carlyle to "The French revolution" (1826-37) - 3. Carlyle on Cromwell and others (1837-48) - 4. Carlyle at his zenith (1848-53) - 5. Carlyle to threescore-and-ten (1853-65) - 6. Carlyle in old age (1865-1881). | |
| 600 | 0 | 4 |
_aCarlyle, Thomas, _d1795-1881 _xBiografĂas _935317 |
| 655 | 0 |
_aBiografĂas _9176647 |
|
| 852 |
_aES-MaACL _jA-2799-804 |
||
| 942 | _2udc | ||
| 999 |
_c141094 _d141094 |
||